Сушка газа гликолем; Нефтегазовые технологии; № 1

Detaylı Bibliyografya
Parent link:Нефтегазовые технологии: научно-технический журнал/ World Oil ; Pipe Line Industry ; Gulf Publishing Company.— , 1994-.— 0202-4578
№ 1.— 2004.— С. 91-92
Yazar: Эскарос М.
Diğer Yazarlar: Фалькович М. (переводчик)
Dil:Rusça
Baskı/Yayın Bilgisi: 2004
Seri Bilgileri:Переработка углеводородов
Konular:
Materyal Türü: MixedMaterials Kitap Bölümü
KOHA link:https://koha.lib.tpu.ru/cgi-bin/koha/opac-detail.pl?biblionumber=391134

MARC

LEADER 00000naa2a2200000 4500
001 391134
005 20231101064043.0
035 |a (RuTPU)RU\TPU\prd\24931 
090 |a 391134 
100 |a 20040406a2004 k y0rusy50 ca 
101 0 |a rus 
102 |a RU 
200 1 |a Сушка газа гликолем  |f М. Эскарос  |g Пер. М. Фалькович 
225 1 |a Переработка углеводородов 
461 1 |0 (RuTPU)RU\TPU\prd\1175  |x 0202-4578  |t Нефтегазовые технологии  |o научно-технический журнал  |f World Oil ; Pipe Line Industry ; Gulf Publishing Company  |d 1994- 
463 1 |0 (RuTPU)RU\TPU\prd\24183  |t № 1  |v С. 91-92  |d 2004 
610 1 |a гликоль 
610 1 |a газы 
610 1 |a сушка 
610 1 |a описание процессов 
610 1 |a установки 
610 1 |a неполадки 
610 1 |a устранение 
700 1 |a Эскарос  |b М. 
702 1 |a Фалькович  |b М.  |4 730 
801 1 |a RU  |b 63413507  |c 20040406  |g PSBO 
801 2 |a RU  |b 63413507  |c 20120116  |g RCR 
942 |c BK